01032 a2200157 45000010006000000050017000060080041000230030015000640400040000790800109001192450031002282640034002593000019002935050534003121000028008465336220260407155808.0260407a1955 arg spa dAR-UNSa-BCEJYS aAR-UNSa-BCEJYSbspacAR-UNSa-BCEJYS a339.9xEconomía internacional en general. Relaciones económicas internacionales. Economía mundial 10aCapitalismo norteamericano 1aBuenos Aires :bÁgorac1955 a126 p.c18 cm. a1. La inseguridad de la ilusión - 2. Los fundamentos de la fé - 3. El problema del poder - 4. El abandono del modelo - 5. El renacimiento del poder de mercado - 6. La psicosis de la depresión - 7. La economía del desarrollo técnico - 8. La indigna economía de la opulencia - 9. La teoría del poder compensador - 10. El poder compensador y el estado - 11. El caso de la agricultura - 12. El papel de la decisión centralizada - 13. El papel de la decisión centralizada - 14. Decisión centralizada e inflación 1 aGalbraith, John Kenneth